[Event "17th IND-chT Women 2019"]
[Site "Kolkata"]
[Date "2019.02.08"]
[Round "2"]
[White "Soumya, Swaminathan"]
[Black "Arpita, Mukherjee"]
[Result "1/2-1/2"]
[WhiteElo "2402"]
[BlackElo "2184"]
[Annotator "TA"]
[PlyCount "52"]
[EventDate "2019.??.??"]
[EventCountry "IND"]
[SourceTitle "playchess.com"]
[Source "ChessBase"]
[SourceQuality "1"]

{[%evp 12,52,21,30,17,26,20,17,8,7,14,0,25,25,23,17,23,22,16,26,60,66,46,28,30,56,79,70,66,70,68,64,97,70,120,77,84,-11,0,0,88,-39,-5]} 1. e4 c5 2. Nf3 d6 3. d4 cxd4 4. Nxd4 Nf6 5. Nc3 a6 6. h3 e5 7. Nde2 h5 {B90: Sicilian Najdorf: Unusual White 6th moves, 6 Be3 Ng4 and 6 Be3 e5} 8. Bg5 (8. Nd5 Nxd5 9. Qxd5 Nc6 10. Qd1 Be6 11. Nc3 Rc8 12. Be3 Ne7 13. Be2 d5 14. exd5 Nxd5 15. Nxd5 Qxd5 {½-½ (26) Wang,H (2730)-Giri,A (2783) St Petersburg 2018}) 8... Be6 9. Bxf6 Qxf6 {The position is equal.} 10. Nd5 Qd8 11. Qd3 Nc6 12. O-O-O g6 13. Kb1 Bg7 14. g3 $146 ({Predecessor:} 14. h4 O-O {1-0 (40) Matviishen,V (2431)-Garanin,A (2140) Mamaia 2017}) 14... O-O 15. h4 Nd4 16. Nxd4 exd4 17. Nf4 Bd7 18. Qb3 b5 19. Bh3 Bxh3 20. Rxh3 Qf6 21. Rh2 Rac8 22. f3 Rc4 23. Rhd2 Qe5 {[#] next ...Bh6 is good for Black.} 24. Ne2 ({White should try} 24. Rg2 $1 $16) 24... Qc5 25. Qd3 Rc8 {[#]} (25... d5 $1 $11) 26. f4 (26. Nf4 $1 $16) 26... b4 {Accuracy: White = 63%, Black = 63%.} 1/2-1/2

[Event "17th IND-chT Women 2019"]
[Site "Kolkata"]
[Date "2019.02.08"]
[Round "2"]
[White "Bristy Mukherjee"]
[Black "Gomes, Mary Ann"]
[Result "0-1"]
[WhiteElo "1915"]
[BlackElo "2317"]
[Annotator "ChessBase"]
[PlyCount "70"]
[EventDate "2019.??.??"]
[EventCountry "IND"]
[SourceTitle "playchess.com"]
[Source "ChessBase"]
[SourceQuality "1"]
[TimeControl "5400+30"]

1. d4 Nf6 2. Bg5 e6 3. Nd2 d5 4. e3 Nbd7 5. f4 Be7 6. Bd3 c5 7. c3 b6 8. Ngf3 Bb7 9. O-O h6 10. Bh4 Ne4 11. Bxe7 Qxe7 12. Ne5 O-O 13. Ndf3 Rfd8 14. Nxd7 Qxd7 15. Ne5 Qe8 16. Be2 g6 17. a4 a6 18. Qe1 Kg7 19. Qh4 f6 20. Ng4 h5 21. Nf2 Qe7 22. g4 hxg4 23. Qxg4 Rh8 24. Ra3 f5 25. Qg2 Nd2 26. Rd1 Nc4 27. Bxc4 dxc4 28. Qg3 Bd5 29. Raa1 Rag8 30. Nh3 Rh4 31. Nf2 Kf7 32. a5 g5 33. axb6 gxf4 34. exf4 Rxf4 35. Rxa6 Rgg4 {Qxf4 Rxf4} 0-1

[Event "17th IND-chT Women 2019"]
[Site "Kolkata"]
[Date "2019.02.08"]
[Round "3"]
[White "Gomes, Mary Ann"]
[Black "Pujari, Rucha"]
[Result "1/2-1/2"]
[WhiteElo "2317"]
[BlackElo "2133"]
[Annotator "TA"]
[PlyCount "78"]
[EventDate "2019.??.??"]
[EventCountry "IND"]
[SourceTitle "playchess.com"]
[Source "ChessBase"]
[SourceQuality "1"]

{[%evp 24,78,4,6,17,14,20,31,32,-4,13,7,21,10,24,21,27,23,41,4,22,0,13,12,17,17,12,7,51,0,0,0,0,0,0,0,0,0,0,0,0,0,0,0,0,0,0,0,0,0,0,0,0,0,0,0,0]} 1. Nf3 d5 2. g3 Nf6 3. Bg2 e6 4. b3 Be7 5. Bb2 O-O 6. c4 b6 7. O-O Bb7 8. d3 c5 9. e3 Nc6 10. Qe2 Qc7 11. Nc3 dxc4 12. bxc4 Rad8 13. Rfd1 a6 {A14: English Opening: 1...e6 with b3 by White} 14. Rab1 Nd7 $146 ({Predecessor:} 14... Na5 15. Ba1 Nd7 16. h4 Rb8 17. a4 Bf6 18. Ng5 Bxg2 19. Kxg2 h6 20. Nge4 Qc6 21. Kg1 Bxc3 22. Bxc3 {1-0 (55) Damljanovic,B (2470)-Lalic,B (2440) Pula 1987}) 15. Ne1 Rb8 {White is slightly better.} 16. Nc2 Na5 17. Bxb7 Rxb7 18. Ba1 Rfb8 19. a4 Qc6 20. f4 Bf6 21. Qg2 h6 22. g4 Bxc3 (22... Nf8 {feels hotter.} 23. Qxc6 Nxc6 24. Ne4 Be7 25. f5 Nd7) 23. Bxc3 Qxg2+ 24. Kxg2 f6 25. Rb2 e5 26. fxe5 ({White should try} 26. Rdb1 $14 Nc6 27. f5) 26... Nxe5 $11 {The position is equal.} 27. Bxe5 fxe5 28. e4 $1 b5 29. axb5 axb5 30. Rxb5 Rxb5 31. cxb5 Rxb5 {[%mdl 4096] Endgame Strongly threatening ...Rb2. KRN-KRN} 32. Ne3 Rb2+ 33. Kg3 Rb3 34. Kf2 Nc6 35. Nc4 Kf7 36. Ke3 Ke6 37. Rd2 g6 38. Rb2 Rxb2 39. Nxb2 Nd4 {Accuracy: White = 61%, Black = 54%.} 1/2-1/2

[Event "17th IND-chT Women 2019"]
[Site "Kolkata"]
[Date "2019.02.08"]
[Round "3"]
[White "Chitlange Sakshi"]
[Black "Soumya, Swaminathan"]
[Result "1-0"]
[WhiteElo "2127"]
[BlackElo "2402"]
[Annotator "TA"]
[PlyCount "107"]
[EventDate "2019.??.??"]
[EventCountry "IND"]
[SourceTitle "playchess.com"]
[Source "ChessBase"]
[SourceQuality "1"]

{[%evp 9,107,-7,1,-11,-11,-11,21,0,16,24,19,4,27,14,3,-28,0,-19,0,5,20,8,10,19,17,11,10,7,47,-39,10,8,7,10,10,7,6,0,10,7,52,0,0,0,0,0,85,95,119,33,23,24,141,141,127,121,158,133,133,123,131,132,133,133,733,122,128,135,707,671,657,575,535,402,404,404,397,407,399,397,452,453,443,447,444,413,836,711,1598,1520,29973,29974,29978,29979,29979,29980,29980,29981,29980,29981]} 1. d4 Nf6 2. Bf4 g6 3. Nc3 d5 4. e3 c6 5. h4 Bg7 6. Be2 {A45: Trompowsky Attack} h5 7. Nf3 b5 (7... Bg4 8. Ne5 Bxe2 9. Qxe2 Nbd7 10. O-O-O Rc8 11. f3 {0-1 (60) Nabaty,T (2692)-Rodshtein,M (2674) Czech Republic 2019}) 8. a3 {The position is equal.} Bg4 9. Ne5 {[%cal Re5g4]} Bxe2 10. Qxe2 Qb6 $146 ({Predecessor:} 10... Nfd7) 11. O-O O-O 12. Rfd1 Nbd7 13. e4 dxe4 14. Nxe4 Rad8 15. Ng5 Nxe5 16. dxe5 Nd5 17. Bg3 e6 18. Ne4 c5 19. Nd6 (19. Bh2 $14) 19... c4 (19... Rxd6 $5 20. exd6 Bxb2 $11) 20. c3 Rd7 21. a4 a6 22. axb5 axb5 23. Ra3 Ne7 24. Kh2 {With the idea Nxc4.} Qc6 25. Raa1 ({Better is} 25. Rda1 $14) 25... Nf5 $11 26. Nxf5 exf5 27. Rd6 Qc8 (27... Rxd6 $11 28. exd6 Bh6) 28. Qd2 $36 {[%mdl 2048] White is really pushing.} Rfd8 {[#]} 29. Rd1 (29. Qd5 $1 $16 Rxd6 30. exd6) 29... Rxd6 $14 30. exd6 {Hoping for d7.} Qd7 (30... Qe6 $1 $11) 31. Bf4 $16 Bf6 32. g3 Re8 33. Re1 Re6 34. Kg1 Kh7 35. Re3 Kg7 36. Qd5 Kh7 $2 {[%mdl 8192] [#]} (36... Rxe3 $16 37. Bxe3 Bd8) 37. Qc5 $2 (37. Rxe6 $1 $18 {White threatens Re7! and mate.} Qxe6 38. Qxe6 fxe6 39. Bg5) 37... Bd8 38. Rxe6 fxe6 $4 {[%mdl 8192]} (38... Qxe6 $16 39. Be3 (39. Qxb5 Qe1+ 40. Kg2 Qe4+ 41. Kh2 Bxh4 $18) 39... Qd7) 39. Qe5 Kg8 40. Bg5 Kf7 41. Bxd8 Qxd8 42. Qxb5 Qxd6 43. Qxc4 $18 {[%mdl 4096] Endgame KQ-KQ} Ke7 44. b4 {[%cal Bb2b4,Bb4b5][%mdl 32]} e5 45. b5 Kd7 46. Qf7+ Kc8 47. c4 Qd1+ (47... e4 $142 48. Kg2 Kb8) 48. Kg2 e4 49. Qe8+ Kc7 50. Qc6+ {White mates.} Kb8 51. b6 Qf3+ 52. Kg1 Qd1+ 53. Kh2 Qd8 54. c5 {Accuracy: White = 57%, Black = 32%.} 1-0

[Event "17th IND-chT Women 2019"]
[Site "Kolkata"]
[Date "2019.02.09"]
[Round "4"]
[White "Soumya, Swaminathan"]
[Black "Meenakshi Subbaraman"]
[Result "1-0"]
[WhiteElo "2402"]
[BlackElo "2161"]
[Annotator "TA"]
[PlyCount "65"]
[EventDate "2019.??.??"]
[EventCountry "IND"]
[SourceTitle "playchess.com"]
[Source "ChessBase"]
[SourceQuality "1"]

{[%evp 10,65,51,47,62,52,39,30,27,24,23,25,22,22,35,23,5,11,25,25,8,2,18,19,54,56,117,116,108,112,89,91,150,73,170,160,161,170,159,135,255,257,245,245,318,298,318,322,303,282,474,474,455,459,610,593,607,614]} 1. e4 d5 2. exd5 Qxd5 3. Nc3 Qd8 4. d4 g6 5. Bc4 Bg7 6. Nf3 Nf6 {B01: Scandinavian Defence} 7. h3 O-O 8. Be3 (8. O-O a6 9. a4 Nc6 10. Be3 e6 11. Qd2 Ne7 12. Bh6 b6 13. Bxg7 Kxg7 {0-1 (57) Vidit,S (2702)-Nakamura,H (2746) Kolkata 2018}) 8... b6 {White has an edge.} 9. Qe2 Bb7 10. O-O e6 11. Bg5 $146 ({Predecessor:} 11. Rad1 a6 12. a4 c6 {½-½ (52) Sedlak,L (1975)-Koper,S (1992) Prague 2015}) 11... h6 12. Bh4 Nc6 13. Rad1 $36 {[%mdl 2048] Threatening d5. White has good play.} Ne7 14. Bg3 Ned5 15. Ne4 Qe7 16. Nxf6+ Bxf6 17. Bb3 Rfe8 (17... a5 $14) 18. c4 $16 Nb4 19. a3 Nc6 20. Rfe1 Na5 (20... Rad8 $142) 21. Ba2 (21. Ba4 $142) 21... Rad8 (21... c5 $16) 22. b4 $18 Nc6 {[%cal Rc6d4]} 23. Qe3 Bg7 24. Bb3 a5 (24... Rc8 $16 {might work better.} 25. Ba4 Qf8) 25. d5 exd5 26. cxd5 Qxe3 27. Rxe3 Rxe3 28. fxe3 Ne7 29. Bxc7 Rd7 $2 {[#]} (29... Rxd5 30. Bxd5 (30. Bxb6 Rxd1+ 31. Bxd1 axb4 $11) 30... Nxd5) 30. d6 {White is clearly winning.} axb4 31. axb4 ({Not} 31. dxe7 Rxe7 32. Bxb6 bxa3 $18) 31... Nc6 32. Ba4 Kf8 33. Rc1 {Accuracy: White = 71%, Black = 53%.} 1-0

[Event "17th IND-chT Women 2019"]
[Site "Kolkata"]
[Date "2019.02.09"]
[Round "4"]
[White "Vijayalakshmi, Subbaraman"]
[Black "Gomes, Mary Ann"]
[Result "1-0"]
[WhiteElo "2352"]
[BlackElo "2317"]
[Annotator "TA"]
[PlyCount "61"]
[EventDate "2019.??.??"]
[EventCountry "IND"]
[SourceTitle "playchess.com"]
[Source "ChessBase"]
[SourceQuality "1"]

{[%evp 9,61,-2,12,14,30,30,40,38,48,53,62,54,56,58,51,48,119,110,169,180,164,157,161,158,148,150,166,161,219,218,223,211,305,295,316,312,346,353,339,143,502,328,333,334,549,514,600,633,664,660,666,614,711,712]} 1. d4 e6 2. Nf3 c5 3. c3 Nf6 4. Bf4 Nc6 5. e3 Be7 6. h3 {A46: 1 d4 Nf6 2 Nf3 e6: Torre, London and Colle Systems} cxd4 (6... b6 7. Nbd2 cxd4 8. exd4 Bb7 9. Bd3 O-O 10. O-O d6 11. Bh2 Re8 12. Re1 Qc7 13. c4 Rad8 14. Qb1 Bf8 15. b4 e5 16. d5 Ne7 17. Nxe5 dxe5 18. Bxe5 {1-0 (57) Petrov,N (2589)-Sanal,V (2510) Veliko Gradiste 2018}) 7. exd4 d6 8. Bd3 {White is slightly better.} h6 9. Qe2 $146 ({Predecessor:} 9. Bh2 O-O 10. O-O a6 11. a4 Rb8 12. Na3 Re8 13. Qc2 Qc7 14. Rfe1 {0-1 (32) Espinosa Cancino,M (1787)-Abbasov,A (2237) Budva 2013}) 9... a6 10. Nbd2 b5 11. O-O Bb7 12. Rfe1 g5 (12... O-O $14) 13. Bg3 Rg8 (13... Kf8 $16 {keeps fighting.}) 14. a4 $18 b4 15. Ne4 Kf8 16. Nxf6 Bxf6 17. Nd2 bxc3 18. bxc3 Ne7 (18... d5 {was called for.} 19. Nb3 Bc8) 19. Nc4 Nc8 20. Rab1 Bd5 (20... Bc6 $142 21. Qh5 a5 22. Qxh6+ Bg7) 21. Ne3 Bc6 22. d5 ({Much less strong is} 22. Bxa6 $6 Qc7 $18) 22... Bxd5 23. Nxd5 exd5 {[#]} 24. Qf3 (24. Qh5 $1 $18 {Rb7 is the strong threat.} Bxc3 25. Qxh6+ Bg7 26. Qh5) 24... Bxc3 $2 {[%mdl 8192]} (24... Ra7 $16 {is tougher.} 25. Rb8 (25. Qxd5 Rh8 $18) 25... Rc7 26. Qxd5 Kg7) 25. Qxd5 ({Weaker is} 25. Rb7 Qf6 $16) 25... Ra7 26. Rec1 Rc7 $2 (26... Ne7 {is a better defense.} 27. Bxd6 Kg7) 27. Bxa6 {White is clearly winning.} Rc5 28. Qd3 Qf6 29. Bxc8 Rxc8 30. Qxd6+ Kg7 {[#]} 31. Rxc3 $1 {[%mdl 512] Accuracy: White = 80%, Black = 37%.} 1-0

[Event "17th IND-chT Women 2019"]
[Site "Kolkata"]
[Date "2019.02.10"]
[Round "5"]
[White "Padmini, Rout"]
[Black "Kiran, Manisha Mohanty"]
[Result "1-0"]
[WhiteElo "2315"]
[BlackElo "2069"]
[Annotator "NA"]
[PlyCount "87"]
[EventDate "2019.??.??"]
[EventCountry "IND"]
[SourceTitle "playchess.com"]
[Source "ChessBase"]
[SourceQuality "1"]
[TimeControl "5400+30"]

1. e4 c5 2. Nf3 d6 3. c3 Nf6 4. Be2 Nbd7 5. d3 b6 6. O-O Bb7 7. Re1 e6 8. Nbd2 Be7 9. Nf1 Rc8 10. Ng3 Rc7 11. Bf1 Qa8 12. Nd2 h5 13. f4 h4 14. Nh1 Nh5 15. Ng3 {[%emt 0:11:57]} Nhf6 {[%emt 0:18:33]} 16. Nh1 {[%emt 0:00:05]} Nh5 {[%emt 0:02:46]} 17. Qf3 {[%emt 0:05:48]} g5 {[%emt 0:03:00]} 18. fxg5 {[%emt 0:01:41]} Ne5 {[%emt 0:00:32]} 19. Qe3 {[%emt 0:00:37]} Ng6 {[%emt 0:11:02]} 20. Nf3 {[%emt 0:06:32]} Nhf4 {[%emt 0:02:17]} 21. Nf2 {[%emt 0:02:32]} Qd8 {[%emt 0:09:56]} 22. g3 {[%emt 0:32:21]} hxg3 {[%emt 0:01:52]} 23. hxg3 {[%emt 0:01:16]} Nh5 {[%emt 0:05:51]} 24. Nh2 {[%emt 0:04:55]} f6 {[%emt 0:07:21]} 25. Nfg4 {[%emt 0:07:22]} fxg5 {[%emt 0:05:10]} 26. Bg2 {[%emt 0:00:06]} Ne5 {[%emt 0:07:18]} 27. Nxe5 {[%emt 0:02:25]} dxe5 {[%emt 0:00:06]} 28. Ng4 {[%emt 0:02:25]} Qd6 {[%emt 0:00:43]} 29. c4 {[%emt 0:04:29]} Qd4 {[%emt 0:04:08]} 30. Bd2 {[%emt 0:03:35]} Qxb2 {[%emt 0:11:29]} 31. Rac1 {[%emt 0:00:18]} Qd4 {[%emt 0:03:03]} 32. Bc3 {[%emt 0:00:06]} Qxe3+ {[%emt 0:00:12]} 33. Rxe3 {[%emt 0:00:03]} Bd6 {[%emt 0:00:29]} 34. Nxe5 {[%emt 0:03:01]} Rg8 {[%emt 0:03:10]} 35. Bh3 {[%emt 0:06:29]} Re7 {[%emt 0:01:04]} 36. Rf1 {[%emt 0:01:05]} Bxe5 {[%emt 0:03:46]} 37. Bxe5 {[%emt 0:00:03]} g4 {[%emt 0:00:13]} 38. Bg2 {[%emt 0:00:07]} Rd7 {[%emt 0:01:07]} 39. Rf2 {[%emt 0:02:43]} Bc6 {[%emt 0:01:27]} 40. Bf1 {[%emt 0:00:39]} Rg5 {[%emt 0:00:27]} 41. Bc3 {[%emt 0:00:31]} Rf7 {[%emt 0:01:03]} 42. Rh2 {[%emt 0:02:07]} Rf3 {[%emt 0:00:23]} 43. Rxf3 {[%emt 0:01:10]} gxf3 {[%emt 0:00:02]} 44. Bd2 {[%emt 0:00:11]} 1-0

[Event "17th IND-chT Women 2019"]
[Site "Kolkata"]
[Date "2019.02.10"]
[Round "5"]
[White "Swati Ghate"]
[Black "Gomes, Mary Ann"]
[Result "1/2-1/2"]
[WhiteElo "2229"]
[BlackElo "2317"]
[Annotator "NA"]
[PlyCount "106"]
[EventDate "2019.??.??"]
[EventCountry "IND"]
[SourceTitle "playchess.com"]
[Source "ChessBase"]
[SourceQuality "1"]
[TimeControl "5400+30"]

1. e4 {[%emt 0:00:56]} c5 {[%emt 0:00:00]} 2. Nf3 {[%emt 0:00:07]} d6 {[%emt 0:00:00]} 3. c3 {[%emt 0:00:40]} Nf6 {[%emt 0:00:00]} 4. Bd3 {[%emt 0:00:33]} Nc6 {[%emt 0:00:16]} 5. Bc2 {[%emt 0:00:45]} Bg4 {[%emt 0:00:24]} 6. d3 {[%emt 0:00:40]} d5 {[%emt 0:01:06]} 7. Nbd2 {[%emt 0:04:38]} e6 {[%emt 0:05:48]} 8. h3 {[%emt 0:01:38]} Bh5 {[%emt 0:06:48]} 9. Qe2 {[%emt 0:02:43]} Be7 {[%emt 0:00:12]} 10. O-O {[%emt 0:07:11]} Qc7 {[%emt 0:02:34]} 11. Re1 {[%emt 0:06:14]} h6 {[%emt 0:07:33]} 12. Nf1 {[%emt 0:05:17]} g5 {[%emt 0:04:52]} 13. Ng3 {[%emt 0:03:23]} Bg6 {[%emt 0:04:57]} 14. d4 {[%emt 0:11:57]} cxd4 {[%emt 0:06:02]} 15. e5 {[%emt 0:13:48]} d3 {[%emt 0:02:46]} 16. Bxd3 {[%emt 0:00:08]} Bxd3 {[%emt 0:00:06]} 17. Qxd3 {[%emt 0:00:06]} Nd7 {[%emt 0:00:05]} 18. Qe2 {[%emt 0:01:37]} O-O-O {[%emt 0:01:01]} 19. a4 {[%emt 0:05:45]} h5 {[%emt 0:06:54]} 20. Bxg5 {[%emt 0:05:55]} Bxg5 {[%emt 0:01:10]} 21. Nxg5 {[%emt 0:00:02]} Ndxe5 {[%emt 0:04:18]} 22. Nxh5 {[%emt 0:07:04]} Qe7 {[%emt 0:06:32]} 23. f4 {[%emt 0:01:24]} Rdg8 {[%emt 0:02:09]} 24. Rf1 {[%emt 0:01:31]} Ng6 {[%emt 0:06:21]} 25. a5 {[%emt 0:00:34]} Nxf4 {[%emt 0:08:56]} 26. Nxf4 {[%emt 0:00:39]} Rxg5 {[%emt 0:00:17]} 27. a6 {[%emt 0:01:52]} b6 {[%emt 0:03:25]} 28. Rf2 {[%emt 0:00:42]} Qd6 {[%emt 0:04:48]} 29. Rd1 {[%emt 0:02:56]} Rh4 {[%emt 0:03:48]} 30. Qe3 {[%emt 0:01:00]} Ne7 {[%emt 0:02:31]} 31. c4 {[%emt 0:03:24]} Qc5 {[%emt 0:04:27]} 32. Qxc5+ {[%emt 0:02:48]} bxc5 {[%emt 0:00:04]} 33. cxd5 {[%emt 0:01:09]} exd5 {[%emt 0:00:42]} 34. Re1 {[%emt 0:04:53]} Nc6 {[%emt 0:02:00]} 35. Nd3 {[%emt 0:00:36]} Rg7 {[%emt 0:01:23]} 36. Nxc5 {[%emt 0:00:27]} Rxh3 {[%emt 0:01:21]} 37. Rf6 {[%emt 0:00:55]} Kc7 {[%emt 0:00:37]} 38. Rc1 {[%emt 0:02:04]} Rhg3 {[%emt 0:00:41]} 39. Nb7 {[%emt 0:00:35]} Rxg2+ {[%emt 0:00:58]} 40. Kh1 Kd7 {[%emt 0:01:10]} 41. Rd6+ {[%emt 0:01:06]} Ke8 {[%emt 0:00:40]} 42. Re1+ {[%emt 0:00:18]} Kf8 {[%emt 0:00:20]} 43. Rxc6 {[%emt 0:00:07]} R7g5 {[%emt 0:00:16]} 44. Rc8+ {[%emt 0:01:07]} Kg7 {[%emt 0:00:05]} 45. Nd6 {[%emt 0:00:35]} Rxb2 {[%emt 0:01:06]} 46. Ne8+ {[%emt 0:00:29]} Kh7 {[%emt 0:00:43]} 47. Nf6+ {[%emt 0:00:18]} Kg7 {[%emt 0:00:05]} 48. Rf1 {[%emt 0:00:14]} Rg6 {[%emt 0:00:44]} 49. Rg8+ {[%emt 0:00:12]} Kh6 {[%emt 0:00:19]} 50. Rxg6+ {[%emt 0:01:05]} Kxg6 {[%emt 0:00:59]} 51. Nxd5 {[%emt 0:00:13]} Ra2 {[%emt 0:00:28]} 52. Nb4 {[%emt 0:00:54]} Ra4 {[%emt 0:00:09]} 53. Rf4 {[%emt 0:00:17]} Kg5 {[%emt 0:00:30]} 1/2-1/2

[Event "17th IND-chT Women 2019"]
[Site "Kolkata"]
[Date "2019.02.10"]
[Round "6"]
[White "Gomes, Mary Ann"]
[Black "Abirama Srinithi, G."]
[Result "1-0"]
[WhiteElo "2317"]
[BlackElo "1668"]
[Annotator "NA"]
[PlyCount "91"]
[EventDate "2019.??.??"]
[EventCountry "IND"]
[SourceTitle "playchess.com"]
[Source "ChessBase"]
[SourceQuality "1"]
[TimeControl "5400+30"]

1. Nf3 {[%emt 0:00:00]} Nf6 {[%emt 0:00:00]} 2. c4 {[%emt 0:00:00]} g6 {[%emt 0:00:38]} 3. b3 {[%emt 0:00:06]} Bg7 {[%emt 0:00:29]} 4. Bb2 {[%emt 0:00:07]} O-O {[%emt 0:01:47]} 5. g3 {[%emt 0:00:07]} d5 {[%emt 0:01:57]} 6. Bg2 {[%emt 0:00:48]} c6 {[%emt 0:01:31]} 7. O-O {[%emt 0:00:11]} Bf5 {[%emt 0:03:31]} 8. d3 {[%emt 0:00:17]} Nbd7 {[%emt 0:04:46]} 9. Nbd2 {[%emt 0:01:23]} Qc7 {[%emt 0:04:24]} 10. Rc1 {[%emt 0:01:33]} dxc4 {[%emt 0:03:11]} 11. Nxc4 {[%emt 0:00:16]} Nb6 {[%emt 0:03:20]} 12. e4 {[%emt 0:07:03]} Bg4 {[%emt 0:03:29]} 13. Ne3 {[%emt 0:01:09]} Rad8 {[%emt 0:11:26]} 14. Qc2 {[%emt 0:04:46]} Bxf3 {[%emt 0:05:12]} 15. Bxf3 {[%emt 0:00:08]} e5 {[%emt 0:01:06]} 16. Rfd1 {[%emt 0:02:22]} Qe7 {[%emt 0:06:49]} 17. a4 {[%emt 0:01:38]} Nbd7 {[%emt 0:04:31]} 18. d4 {[%emt 0:01:00]} exd4 {[%emt 0:02:26]} 19. Bxd4 {[%emt 0:00:12]} Rfe8 {[%emt 0:04:06]} 20. Bxa7 {[%emt 0:17:15]} b6 {[%emt 0:14:52]} 21. Nc4 {[%emt 0:02:40]} b5 {[%emt 0:01:21]} 22. Nd6 {[%emt 0:00:48]} Ne5 {[%emt 0:01:29]} 23. Nxe8 {[%emt 0:01:52]} Nxf3+ {[%emt 0:00:35]} 24. Kg2 {[%emt 0:00:18]} Rxe8 {[%emt 0:03:54]} 25. Kxf3 {[%emt 0:08:16]} Qxa7 {[%emt 0:00:28]} 26. Qxc6 {[%emt 0:00:06]} Qe7 {[%emt 0:03:15]} 27. axb5 {[%emt 0:06:19]} Bf8 {[%emt 0:03:31]} 28. b6 {[%emt 0:07:58]} Qe5 {[%emt 0:03:26]} 29. Kg2 {[%emt 0:05:35]} Re6 {[%emt 0:01:17]} 30. Qa8 {[%emt 0:01:00]} Re8 {[%emt 0:02:39]} 31. Qa4 {[%emt 0:07:33]} Ng4 {[%emt 0:02:17]} 32. h3 {[%emt 0:04:33]} Nxf2 {[%emt 0:01:28]} 33. Kxf2 {[%emt 0:00:31]} Bc5+ {[%emt 0:00:05]} 34. Kg2 {[%emt 0:05:08]} Bxb6 {[%emt 0:00:23]} 35. Rc2 {[%emt 0:01:15]} Re7 {[%emt 0:00:28]} 36. Qa8+ {[%emt 0:01:00]} Re8 {[%emt 0:00:38]} 37. Qd5 {[%emt 0:00:42]} Qf6 {[%emt 0:00:52]} 38. Rf1 {[%emt 0:00:16]} Qe7 {[%emt 0:00:09]} 39. e5 {[%emt 0:04:39]} Rd8 {[%emt 0:00:20]} 40. Qc6 {[%emt 0:00:14]} Bd4 {[%emt 0:00:33]} 41. Qf6 {[%emt 0:02:57]} Qb7+ {[%emt 0:00:35]} 42. Rf3 {[%emt 0:01:10]} Re8 {[%emt 0:00:11]} 43. Qc6 {[%emt 0:01:55]} Qe7 {[%emt 0:00:22]} 44. Qd6 {[%emt 0:01:46]} Bxe5 {[%emt 0:00:55]} 45. Qxe7 {[%emt 0:00:06]} Rxe7 {[%emt 0:00:03]} 46. b4 {[%emt 0:00:07]} 1-0

[Event "17th IND-chT Women 2019"]
[Site "Kolkata"]
[Date "2019.02.10"]
[Round "6"]
[White "Jyothsna L"]
[Black "Padmini, Rout"]
[Result "0-1"]
[WhiteElo "2115"]
[BlackElo "2315"]
[Annotator "NA"]
[PlyCount "110"]
[EventDate "2019.??.??"]
[EventCountry "IND"]
[SourceTitle "playchess.com"]
[Source "ChessBase"]
[SourceQuality "1"]
[TimeControl "5400+30"]

1. d4 {[%emt 0:01:00]} e6 {[%emt 0:00:00]} 2. Nf3 {[%emt 0:00:16]} b6 {[%emt 0:00:25]} 3. Bf4 {[%emt 0:01:28]} Bb7 {[%emt 0:00:07]} 4. e3 {[%emt 0:00:13]} f5 {[%emt 0:01:50]} 5. Be2 {[%emt 0:01:43]} Nf6 {[%emt 0:00:10]} 6. h3 {[%emt 0:00:54]} Be7 {[%emt 0:06:35]} 7. O-O {[%emt 0:01:26]} O-O {[%emt 0:02:17]} 8. c4 {[%emt 0:02:41]} Ne4 {[%emt 0:02:24]} 9. Nc3 {[%emt 0:06:24]} Nxc3 {[%emt 0:02:47]} 10. bxc3 {[%emt 0:00:25]} d6 {[%emt 0:00:05]} 11. Nd2 {[%emt 0:02:56]} Nd7 {[%emt 0:01:15]} 12. Bf3 {[%emt 0:04:08]} Bxf3 {[%emt 0:00:20]} 13. Qxf3 {[%emt 0:02:40]} c5 {[%emt 0:08:39]} 14. Rfd1 {[%emt 0:02:15]} Qc7 {[%emt 0:01:39]} 15. Rac1 {[%emt 0:00:54]} Kh8 {[%emt 0:02:58]} 16. Bh2 {[%emt 0:06:02]} Rad8 {[%emt 0:02:40]} 17. e4 {[%emt 0:24:49]} f4 {[%emt 0:04:22]} 18. Qe2 {[%emt 0:03:51]} e5 {[%emt 0:15:09]} 19. Nf3 {[%emt 0:02:40]} Bf6 {[%emt 0:00:24]} 20. dxe5 {[%emt 0:02:41]} Bxe5 {[%emt 0:00:38]} 21. Rd3 {[%emt 0:07:20]} Rde8 {[%emt 0:02:45]} 22. Rcd1 {[%emt 0:02:03]} Nf6 {[%emt 0:00:41]} 23. Nxe5 {[%emt 0:05:59]} dxe5 {[%emt 0:00:17]} 24. f3 {[%emt 0:02:16]} Rd8 {[%emt 0:02:26]} 25. Qd2 {[%emt 0:05:57]} Rxd3 {[%emt 0:01:32]} 26. Qxd3 {[%emt 0:00:06]} Kg8 {[%emt 0:00:51]} 27. Kf1 {[%emt 0:02:57]} Kf7 {[%emt 0:00:43]} 28. Bg1 {[%emt 0:01:05]} Ke7 {[%emt 0:00:50]} 29. Bf2 {[%emt 0:00:11]} g5 {[%emt 0:00:33]} 30. h4 {[%emt 0:02:07]} h6 {[%emt 0:00:57]} 31. Qc2 {[%emt 0:02:33]} Rd8 {[%emt 0:00:19]} 32. a4 {[%emt 0:02:31]} Rxd1+ {[%emt 0:00:45]} 33. Qxd1 {[%emt 0:00:04]} Qd7 {[%emt 0:00:22]} 34. Qxd7+ {[%emt 0:01:34]} Kxd7 {[%emt 0:00:30]} 35. Ke2 {[%emt 0:00:20]} Ne8 {[%emt 0:01:16]} 36. Kd3 {[%emt 0:00:49]} Nd6 {[%emt 0:00:39]} 37. Be1 {[%emt 0:00:27]} Kc6 {[%emt 0:00:25]} 38. hxg5 {[%emt 0:00:39]} hxg5 {[%emt 0:00:05]} 39. Bf2 {[%emt 0:00:26]} Nb7 {[%emt 0:00:26]} 40. Kc2 {[%emt 0:00:22]} Na5 {[%emt 0:00:32]} 41. Kd3 {[%emt 0:00:03]} Kd7 {[%emt 0:04:52]} 42. Be1 {[%emt 0:00:04]} Ke6 {[%emt 0:00:37]} 43. Bf2 {[%emt 0:00:01]} Kf6 {[%emt 0:00:14]} 44. Be1 {[%emt 0:00:30]} Kg6 {[%emt 0:00:09]} 45. Bf2 {[%emt 0:00:01]} Kh5 {[%emt 0:00:06]} 46. g3 {[%emt 0:00:17]} Nc6 {[%emt 0:01:54]} 47. Ke2 {[%emt 0:02:16]} g4 {[%emt 0:04:47]} 48. Be1 {[%emt 0:00:07]} Kg5 {[%emt 0:01:13]} 49. Bd2 {[%emt 0:01:02]} Na5 {[%emt 0:00:57]} 50. gxf4+ {[%emt 0:00:11]} exf4 {[%emt 0:00:04]} 51. e5 {[%emt 0:01:01]} g3 {[%emt 0:01:22]} 52. e6 {[%emt 0:00:25]} Nc6 {[%emt 0:00:15]} 53. Kf1 {[%emt 0:00:27]} Ne7 {[%emt 0:00:40]} 54. Kg2 {[%emt 0:00:37]} Ng6 {[%emt 0:00:07]} 55. Bc1 {[%emt 0:00:30]} Kf5 {[%emt 0:00:09]} 0-1